00000000nam 2200000za 4500
0019.855986
003CaOODSP
00520251031142447
007cr |||||||||||
008180430s2018    oncabd  ob   f000 0 eng d
040 |aCaOODSP|beng
043 |an-cn-nu
0861 |aM183-2/8372E-PDF
24500|aReport of activities for the GEM-2 Chantrey-Thelon activity |h[electronic resource] : |bThelon tectonic zone project, Nunavut / |cR.G. Berman … [et al.].
260 |a[Ottawa] : |bNatural Resources Canada, |c2018.
300 |a18 p. : |bcol. charts, col. ill., col. maps.
4901 |aOpen file ; |v8372
504 |aIncludes bibliographical references.
520 |a“Following a 550 km-long reconnaissance-scale geological transect across the western Rae craton and Thelon tectonic zone, the Chantrey – Thelon project was initiated to better understand the geological evolution and mineral potential of the Montresor belt, Elu basin, and the central Thelon tectonic zone (Ttz). Activities during this wrap-up year involve completion of bedrock geochronological studies aimed at establishing the range of plutonic rock crystallization ages, follow-up Sm-Nd isotopic studies to better define crustal domains, completion of metamorphic studies as part of two student theses, release of multidisciplinary data and interpretations as open file reports and journal papers, and completion of two new 1:250,000 scale bedrock maps. In addition, a high-resolution aeromagnetic survey was flown over the northern part of the study region in March 2017”--P. 2.
693 4|aShields (Geology)
693 4|aGeology, Economic
693 4|aGeological mapping
693 4|aNunavut
7001 |aBerman, Robert G. |q(Robert Glenn), |d1951-
7101 |aCanada. |bNatural Resources Canada.
7102 |aGeological Survey of Canada.
830#0|aOpen file (Geological Survey of Canada)|v8372.|w(CaOODSP)9.506878
85640|qPDF|s3.22 MB|uhttps://publications.gc.ca/collections/collection_2018/rncan-nrcan/m183-2/M183-2-8372-eng.pdf
986 |a306622